| 000 | 04006nam a22004815i 4500 | ||
|---|---|---|---|
| 005 | 20230718140406.0 | ||
| 006 | m|||||o||d|||||||| | ||
| 007 | cr || |||||||| | ||
| 008 | 221205t20182018pl fo d z eng d | ||
| 020 | _a9783110601299 | ||
| 040 |
_aDE-B1597 _beng _cDE-B1597 _erda |
||
| 041 | 0 | _aeng | |
| 100 | 1 |
_aJhala, Jayasinhji, _eauthor. _4aut _4http://id.loc.gov/vocabulary/relators/aut |
|
| 245 | 1 | 0 |
_aGenealogy, Archive, Image : _bInterpreting Dynastic History in Western India, c. 1090-2016 / _cJayasinhji Jhala. |
| 264 | 1 |
_aWarsaw ; _aBerlin : _bSciendo, _c[2018] |
|
| 264 | 4 | _c©2018 | |
| 300 | _a1 online resource (294 p.) | ||
| 336 |
_atext _btxt _2rdacontent |
||
| 337 |
_acomputer _bc _2rdamedia |
||
| 338 |
_aonline resource _bcr _2rdacarrier |
||
| 347 |
_atext file _bPDF _2rda |
||
| 505 | 0 | 0 |
_tFrontmatter -- _tContents -- _tAcknowledgements -- _tList of Contributors -- _tMap -- _t1 Introduction: Genealogy, Archive, Image -- _t2 The Making of the Genealogy of the Jhallesvars -- _t3 Landscape, Poetry and the Hero -- _t4 Jhallesvaras in War and Peace -- _t5 Rani Jijima, Soldier, Statesman, Financier: A Rajput Queen in Mid-Eighteenth Century Western India -- _t6 Patronage Networks and Musical Traditions in Jhalavad -- _t7 Village Archives: Reinventing Fifteenth Century Memories in Twenty-first Century Jhalavad -- _tList of Figures -- _tIndex |
| 506 | 0 |
_funrestricted online access _2star |
|
| 520 | _a'Genealogy, Archive, Image' addresses the ways in which history and tradition are 'reinvented' through text, memory and painting. It examines the making of dynastic history in the kingdom of Jhalavad, situated in Gujarat, western India, over the longue durée, from the eleventh to twentieth centuries. The essays critique a collection of contemporary miniature paintings, which chart the dynastic history of Jhalavad's rulers and the textual and ethnographic archive upon which they are based. A multidisciplinary work, it crosses the boundaries of history, anthropology, folklore and mythology, gender, musicology, literary studies, and visual, film and digital media. The essays draw upon a variety of voices, spanning various religious and ethnic communities, including Hindus, Muslims, Jains, Parsees and Siddhi Africans, and caste identities, such as that of the bard, ballad singer, king, priest, court chronicler, soldier, mason and drummer. | ||
| 530 | _aIssued also in print. | ||
| 538 | _aMode of access: Internet via World Wide Web. | ||
| 540 |
_aThis eBook is made available Open Access under a CC BY-NC-ND 3.0 license: _uhttps://creativecommons.org/licenses/by-nc-nd/3.0 _uhttps://www.degruyter.com/dg/page/open-access-policy |
||
| 546 | _aIn English. | ||
| 588 | 0 | _aDescription based on online resource; title from PDF title page (publisher's Web site, viewed 05. Dez 2022) | |
| 650 | 7 |
_aHISTORY / Asia / India & South Asia. _2bisacsh |
|
| 653 | _aDynastic history, elites, etnohistory, Gujarat, Halvad-Dhrangadhra, Indian kingdoms, Jhala court, Jhala dynasty, Jhalavad, Kshatriya, Kuva-no-ker, miniature paintings, Rajput, Rani Jijima, western India. | ||
| 700 | 1 |
_aJhala, Angma D., _econtributor. _4ctb _4https://id.loc.gov/vocabulary/relators/ctb |
|
| 700 | 1 |
_aJhala, Jayasinji, _econtributor. _4ctb _4https://id.loc.gov/vocabulary/relators/ctb |
|
| 700 | 1 |
_aMcClenaghan, Tony, _econtributor. _4ctb _4https://id.loc.gov/vocabulary/relators/ctb |
|
| 700 | 1 |
_aMcGrath, Kevin, _econtributor. _4ctb _4https://id.loc.gov/vocabulary/relators/ctb |
|
| 700 | 1 |
_aMcLeod, John, _econtributor. _4ctb _4https://id.loc.gov/vocabulary/relators/ctb |
|
| 700 | 1 |
_aOppenheim, Michael, _econtributor. _4ctb _4https://id.loc.gov/vocabulary/relators/ctb |
|
| 776 | 0 |
_cEPUB _z9783110605662 |
|
| 776 | 0 |
_cprint _z9783110601282 |
|
| 856 | 4 | 0 |
_uhttps://sciendo.com/book/9783110601299 _zOpen Access _70 |
| 856 | 4 | 2 |
_3Cover _uhttps://www.degruyter.com/document/cover/isbn/9783110601299/original |
| 942 | _cE-BOOK | ||
| 999 |
_c71139 _d71138 |
||